Sports Quiz

Random Sports or Hockey Quiz

Swedish Hockey League Teams Quiz Stats

 Plays Quiz not verified by Sporcle

Challenge
Share
Tweet
Embed
Score 0/14 Timer 02:00
0 Plays Today
Team % Correct
Brynäs IF
88.7%
Mora IK
85.5%
Växjö Lakers
85.2%
Färjestads BK
84.6%
Malmö Redhawks
84.6%
HV71
83.6%
Rögle BK
77.8%
Team % Correct
Djurgårdens IF
77.2%
Linköpings HC
74.9%
Frölunda HC
74.6%
Luleå Hockey
72.7%
Timrå IK
71.4%
Örebro Hockey
63.9%
Skellefteå AIK
60.1%

You're not logged in!

Compare scores with friends on all Sporcle quizzes.
Join for Free
OR
Log In

You Might Also Like...

Show Comments

Extras

Top Quizzes Today


Score Distribution

Your Account Isn't Verified!

In order to create a playlist on Sporcle, you need to verify the email address you used during registration. Go to your Sporcle Settings to finish the process.

Report this User

Report this user for behavior that violates our Community Guidelines.

Details: